[Event "Rotterdam Triomfator op 1st"]
[Site "Rotterdam"]
[Date "2002.06.15"]
[Round "2"]
[White "Plantfeber, Arthur"]
[Black "Vreedenborg, Carel"]
[Result "0-1"]
[WhiteElo "1898"]
[BlackElo "2016"]
[PlyCount "44"]
[EventDate "2002.06.14"]
[EventType "swiss"]
[EventRounds "6"]
[EventCountry "NED"]
[SourceTitle "CBM 088 Extra"]
[Source "ChessBase"]
[SourceDate "2002.07.01"]
[SourceVersion "2"]
[SourceVersionDate "2002.07.01"]
[SourceQuality "1"]

1. e4 e5 2. Nf3 Nc6 3. Bb5 a6 4. Ba4 Nf6 5. 0-0 Be7 6. Re1 b5 7. Bb3 0-0 8. a4 Rb8 9. axb5 axb5 10. c3 d5 11. exd5 Nxd5 12. Nxe5 Nxe5 13. Rxe5 Nf6 14. g3 Bd6 15. Re1 Ng4 16. Re4 h5 17. d4 Qf6 18. f4 Bb7 19. Re1 Rbe8 20. Na3 Bxa3 21. Rxa3 Qc6 22. d5 Qb6+ 0-1